000 10433 a2200781 4500
005 20080819155215.0
008 080819t xxu||||| |||| 00| 0 eng d
010 _aB-270324-365
020 _a9878190367167
_c180.00
035 _aB-270324-365
037 _aWe the People Trust/125/27.5.08/105/16.5.08/5.6.08
040 _adpl
_bEnglish
082 _a342.540662
100 _aNigam, Shalu
245 _aAbout your right to information (simplified):
_b(along wiht latest decisions by Central Information Commission) /
_cby Shalu NIgam
250 _a2nd rev. ed
260 _aNew Delhi
_bWe the People Trust
_c2008
270 _aPO Box No, 3123, Lodhi Road, HPO
_bNew Delhi
_cDelhi
_e110003
300 _aix, 236p.
_c22cm (pbk)
490 _aFight for your rights series
500 _aIncludes references
942 _adpl
_cEN
_2ddc
_mNIG
_h342.540662
999 _c20523
_d20523